As You Like It (Record no. 96400)

MARC details
000 -LEADER
fixed length control field 00528nam a2200229Ia 4500
005 - DATE AND TIME OF LATEST TRANSACTION
control field 20230228114522.0
008 - FIXED-LENGTH DATA ELEMENTS--GENERAL INFORMATION
fixed length control field 230125s9999 xx 000 0 und d
020 ## - INTERNATIONAL STANDARD BOOK NUMBER
International Standard Book Number 9788130918723
041 ## - LANGUAGE CODE
Language code of text/sound track or separate title eng
082 ## - DEWEY DECIMAL CLASSIFICATION NUMBER
Classification number 823
Item number BLO
100 ## - MAIN ENTRY--PERSONAL NAME
Author Bloom H
245 ## - TITLE STATEMENT
Title As You Like It
250 ## - EDITION STATEMENT
Edition statement 1st Ed.
260 ## - PUBLICATION, DISTRIBUTION, ETC.
Date of publication, distribution, etc. 2011
Name of publisher, distributor, etc. Viva Books
Place of publication, distribution, etc. New Delhi
300 ## - PHYSICAL DESCRIPTION
Extent 237p
500 ## - GENERAL NOTE
Keywords English Literature
650 ## - SUBJECT ADDED ENTRY--TOPICAL TERM
Topical term or geographic name entry element English Literature
700 ## - ADDED ENTRY--PERSONAL NAME
Personal name Bloom H
942 ## - ADDED ENTRY ELEMENTS (KOHA)
Koha item type Books
906 ## - LOCAL DATA ELEMENT F, LDF (RLIN)
b 54.6
Holdings
Withdrawn status Lost status Damaged status Not for loan Home library Current library Date acquired Vendor Net Price Bill number Total Checkouts Full call number Barcode Date last seen Actual Price Bill Date Koha item type Original Barcode
        Smt. Hiraben Nanavati Institute of Management & Research for Women Smt. Hiraben Nanavati Institute of Management & Research for Women 29/02/2020 Forward Books 195.00 11222   823 BLO B20238 HIMR-BK-20238 25/01/2023 140.40 25/01/2023 Books B20238
        Smt. Hiraben Nanavati Institute of Management & Research for Women Smt. Hiraben Nanavati Institute of Management & Research for Women 29/02/2020 Forward Books 195.00 11222   823 BLO B20239 HIMR-BK-20239 25/01/2023 140.40 25/01/2023 Books B20239
        Smt. Hiraben Nanavati Institute of Management & Research for Women Smt. Hiraben Nanavati Institute of Management & Research for Women 29/02/2020 Forward Books 195.00 11222   823 BLO B20240 HIMR-BK-20240 25/01/2023 140.40 25/01/2023 Books B20240
        Smt. Hiraben Nanavati Institute of Management & Research for Women Smt. Hiraben Nanavati Institute of Management & Research for Women 29/02/2020 Forward Books 195.00 11222   823 BLO B20241 HIMR-BK-20241 25/01/2023 140.40 25/01/2023 Books B20241
        Smt. Hiraben Nanavati Institute of Management & Research for Women Smt. Hiraben Nanavati Institute of Management & Research for Women 29/02/2020 Forward Books 195.00 11222   823 BLO B20242 HIMR-BK-20242 25/01/2023 140.40 25/01/2023 Books B20242